| 000 | 00000nam 2200000za 4500 |
| 001 | 9.690658 |
| 003 | CaOODSP |
| 005 | 20210624232425 |
| 007 | cr ||||||||||| |
| 008 | 150407|2008||||xxc|||||o f|0| 0 eng d |
| 020 | |a978-0-662-47833-1 |
| 040 | |aCaOODSP|beng |
| 043 | |an-cn--- |
| 086 | 1 |aHS25-5/2006E-PDF |
| 110 | 1 |aCanada. |bHuman Resources and Social Development Canada. |
| 245 | 10|aConsolidated statement of administrative costs charged to the Canadian Pension Plan account by Social Development Canada and Service Canada March 31, 2006 (in thousands of dollars) |h[electronic resource] |
| 260 | |aOttawa - Ontario : |bHuman Resources and Social Development Canada |c2007. |
| 300 | |a18p.|btables |
| 500 | |aProject No. : 6510/06 |
| 590 | |a08-21|b2008-05-23 |
| 690 | 07|aPublic pensions|2gcpds |
| 775 | 08|tÉtat consolidé des frais administratifs imputés au compte du Régime de pensions du Canada par Dévelopment social Canada pour l'exercice se terminant le 31 mars 2006 (en milliers de dollars) |w(CaOODSP)9.635009 |
| 776 | 0#|tConsolidated statement of administrative costs charged to the Canada Pension Plan account by Social Development Canada and Service Canada March 31, 2006 (in thousands of dollars) |w(CaOODSP)9.651066 |
| 794 | |tConsolidated statement of administrative costs charged to the Canada Pension Plan account by Human Resources and Social Development Canada, March 31, 2007 (in thousands of dollars) |w(CaOODSP)9.691986 |
| 856 | 40|ahttp://publications.gc.ca|qPDF|s665 KB|uhttps://publications.gc.ca/collections/collection_2008/hrsdc-rhdsc/HS25-5-2006E.pdf |